[Event "Cracovia 2010"]
[Site "Krakow"]
[Date "2011.01.02"]
[Round "7.25"]
[White "Wandzik, Wojciech"]
[Black "Adamowicz, Katarzyna"]
[Result "1-0"]
[WhiteElo "2241"]
[BlackElo "2139"]
[PlyCount "85"]
[EventDate "2011.??.??"]

1. e4 c5 2. Nf3 d6 3. Bb5+ Nd7 4. O-O Ngf6 5. Re1 a6 6. Bf1 g6 7. c3 Bg7 8. d4
e5 9. Bg5 Qc7 10. a4 O-O 11. dxe5 dxe5 12. Nbd2 h6 13. Bh4 b6 14. Nc4 Bb7 15.
Qd6 Qxd6 16. Nxd6 Bc6 17. Bc4 g5 18. Bxg5 Nxe4 19. Nxe4 b5 20. Be7 Rfe8 21.
axb5 axb5 22. Rxa8 Bxa8 23. Bxb5 Rxe7 24. Bxd7 Bxe4 25. Rxe4 Rxd7 26. g4 Rb7
27. Re2 f6 28. Nh4 Kf7 29. Kg2 Bf8 30. Rd2 Ke6 31. h3 Rb8 32. Kf3 Rb7 33. Ke4
Rb8 34. Nf5 Be7 35. h4 Rg8 36. f3 h5 37. gxh5 Ra8 38. b3 Rb8 39. h6 Rxb3 40. h7
Rb8 41. Rg2 Rh8 42. Rg7 Bd6 43. c4 1-0

[Event "Cracovia 2010"]
[Site "Krakow"]
[Date "2011.01.02"]
[Round "7.26"]
[White "Mrva, Vladimir"]
[Black "Odnorozhenko, Evgenyi"]
[Result "0-1"]
[WhiteElo "2128"]
[BlackElo "2333"]
[PlyCount "96"]
[EventDate "2011.??.??"]

1. e4 c5 2. Nf3 Nc6 3. Bb5 d6 4. O-O Bd7 5. Re1 Nf6 6. h3 a6 7. Bf1 e6 8. c3
Be7 9. d4 cxd4 10. cxd4 d5 11. e5 Ne4 12. Nbd2 Nxd2 13. Bxd2 Qb6 14. Bc3 O-O
15. Bd3 Rfc8 16. Rc1 Qd8 17. Bb1 b5 18. Qd3 g6 19. Qe3 Na5 20. b3 Nc6 21. Bb2
Na7 22. Qh6 b4 23. h4 Qf8 24. Qf4 Nb5 25. Rxc8 Rxc8 26. Bd3 Nc3 27. Bxa6 Ra8
28. Bd3 Rxa2 29. Bc1 Bb5 30. Bxb5 Nxb5 31. Qe3 Nc3 32. g3 Qc8 33. Kg2 Rc2 34.
Rf1 Ne4 35. Qf4 Qc3 36. Be3 Qxb3 37. Ra1 Qa3 38. Rh1 b3 39. Ng5 Bxg5 40. hxg5
b2 41. Rxh7 Kxh7 42. Qxf7+ Kh8 43. Qxg6 Qf8 44. Qh5+ Kg7 45. Qh6+ Kf7 46. Qh7+
Ke8 47. Qh5+ Kd7 48. Qh7+ Kc6 0-1

[Event "Cracovia 2010"]
[Site "Krakow"]
[Date "2011.01.02"]
[Round "7.27"]
[White "Gawronski, Lukasz"]
[Black "Granovskiy, Alexandr"]
[Result "1/2-1/2"]
[WhiteElo "2043"]
[BlackElo "2312"]
[PlyCount "96"]
[EventDate "2011.??.??"]

1. d4 d5 2. Nf3 Nf6 3. Bg5 Ne4 4. Bf4 c5 5. c3 Nc6 6. e3 e6 7. Bd3 f5 8. Bxe4
fxe4 9. Ne5 Nxe5 10. Bxe5 Qg5 11. O-O Be7 12. f4 Qg6 13. Qb3 O-O 14. c4 dxc4
15. Qxc4 b6 16. Nc3 Kh8 17. Rad1 cxd4 18. Bxd4 Qe8 19. b4 Rf7 20. Be5 Bb7 21.
Rd4 Rc8 22. Qb3 Bf6 23. Bxf6 Rxf6 24. Nxe4 Rg6 25. Ng5 h6 26. Nf3 e5 27. fxe5
Bxf3 28. Rxf3 Qxe5 29. Rdf4 Kh7 30. Rf8 Rxf8 31. Rxf8 Re6 32. Qd3+ Qe4 33.
Qxe4+ Rxe4 34. Ra8 Rxb4 35. Rxa7 Rb2 36. h3 Kg6 37. Kh2 Kf6 38. Kg3 g5 39. Kf3
h5 40. a4 g4+ 41. hxg4 hxg4+ 42. Kg3 Re2 43. Ra6 Rxe3+ 44. Kf4 Re6 45. Kxg4 Kf7
46. Kh5 Re5+ 47. Kh4 b5 48. g4 bxa4 1/2-1/2

[Event "Cracovia 2010"]
[Site "Krakow"]
[Date "2011.01.02"]
[Round "7.28"]
[White "Gonzalez Diaz, Julio"]
[Black "Wiewiora, Eneasz"]
[Result "1-0"]
[WhiteElo "2259"]
[BlackElo "2118"]
[PlyCount "99"]
[EventDate "2011.??.??"]

1. c4 g6 2. g3 Bg7 3. Bg2 c5 4. Nc3 Nc6 5. d3 d6 6. e3 e6 7. a3 Nge7 8. Nge2 a6
9. O-O O-O 10. Rb1 Rb8 11. b4 cxb4 12. axb4 b5 13. cxb5 axb5 14. e4 Nd4 15.
Nxd4 Bxd4 16. Ne2 Bg7 17. d4 Bb7 18. Qd3 Qd7 19. Be3 f5 20. f3 Rfc8 21. Rfc1
Rxc1+ 22. Rxc1 Rc8 23. Rxc8+ Nxc8 24. d5 fxe4 25. fxe4 exd5 26. exd5 Ne7 27.
Nf4 Nf5 28. Bf2 Qe8 29. Be4 Bc8 30. Ne6 Bxe6 31. dxe6 Qf8 32. Qxb5 Ne7 33. Qc4
h5 34. b5 h4 35. Kg2 h3+ 36. Kg1 Qd8 37. Bxg6 Qa8 38. Bf7+ Kf8 39. Qf1 Qa4 40.
Bh5 Nf5 41. Bg6 Nh6 42. Be3+ Ke7 43. Bg5+ Kxe6 44. Qe2+ Kd5 45. Qf3+ Ke6 46.
Bxh6 Qa1+ 47. Kf2 Bxh6 48. Qf7+ Ke5 49. Qf5+ Kd4 50. Qf6+ 1-0

[Event "Cracovia 2010"]
[Site "Krakow"]
[Date "2011.01.02"]
[Round "7.29"]
[White "Siwiec, Arkadiusz"]
[Black "Kumor, Lukasz"]
[Result "1-0"]
[WhiteElo "2105"]
[BlackElo "2178"]
[PlyCount "87"]
[EventDate "2011.??.??"]

1. e4 e6 2. d4 d5 3. Nc3 Nf6 4. e5 Nfd7 5. f4 c5 6. Nf3 Nc6 7. Be3 cxd4 8. Nxd4
Bc5 9. Qd2 a6 10. h4 O-O 11. h5 Nxd4 12. Bxd4 b5 13. O-O-O Bb7 14. g3 Qe7 15.
Bh3 Rfc8 16. Ne2 Nb6 17. Rhe1 Nc4 18. Qd3 a5 19. Bxc5 Rxc5 20. Nd4 b4 21. Kb1
a4 22. Qf3 Qc7 23. f5 b3 24. cxb3 axb3 25. Qxb3 Bc8 26. fxe6 Rb8 27. exf7+ Kf8
28. Bxc8 Rxb3 29. axb3 Qxc8 30. bxc4 Kxf7 31. e6+ Ke7 32. Nf5+ Kf6 33. Nd6 Qc6
34. e7 Qxd6 35. e8=N+ Kf5 36. Nxd6+ Kg4 37. Rxd5 Rc7 38. Re3 h6 39. b4 Ra7 40.
b5 Rc7 41. b6 Rd7 42. b7 Rd8 43. Re8 Rxe8 44. Nxe8 1-0

[Event "Cracovia 2010"]
[Site "Krakow"]
[Date "2011.01.02"]
[Round "7.30"]
[White "Szuper, Paul"]
[Black "Chrzaszcz, Malvina"]
[Result "1-0"]
[WhiteElo "2174"]
[BlackElo "2054"]
[PlyCount "65"]
[EventDate "2011.??.??"]

1. d4 Nf6 2. Nf3 e6 3. Bg5 h6 4. Bh4 c5 5. c3 b6 6. e3 Bb7 7. Nbd2 d6 8. h3
Nbd7 9. Bd3 Be7 10. O-O O-O 11. a4 Nd5 12. Bg3 cxd4 13. exd4 N7f6 14. Re1 Qd7
15. Qb3 Nh5 16. Bh2 Ndf4 17. Bf1 g5 18. a5 Qc6 19. a6 Bc8 20. g3 Ng6 21. Bd3
Kg7 22. d5 Qc5 23. Nd4 Ne5 24. Be2 Nf6 25. dxe6 fxe6 26. Qxe6 Nd5 27. Ne4 Qxd4
28. Qxe7+ Nxe7 29. cxd4 N5c6 30. Nxd6 Bxh3 31. g4 h5 32. Rac1 hxg4 33. Bb5 1-0

[Event "Cracovia 2010"]
[Site "Krakow"]
[Date "2011.01.02"]
[Round "7.31"]
[White "Krasiewicz, Robert"]
[Black "Mucha, Roman"]
[Result "0-1"]
[WhiteElo "2055"]
[BlackElo "2166"]
[PlyCount "72"]
[EventDate "2011.??.??"]

1. d4 g6 2. c4 Bg7 3. Nc3 d6 4. e4 e5 5. Be3 Nc6 6. Nf3 Bg4 7. d5 Nd4 8. h3
Bxf3 9. gxf3 c5 10. dxc6 bxc6 11. Qa4 Ne7 12. Bg2 O-O 13. f4 Rb8 14. O-O-O a5
15. fxe5 dxe5 16. b3 Qc7 17. Qa3 Rb4 18. Rd3 Rfb8 19. Na4 h5 20. Kd2 Kh7 21.
Rc1 Bh6 22. Bxh6 Kxh6 23. Ke1 g5 24. Rcc3 Ng6 25. Bf1 Nf4 26. Rg3 Rd8 27. Nc5
Qd6 28. Nd3 Rxb3 29. Qc1 Rb7 30. h4 g4 31. Qd1 Rdb8 32. Rxg4 hxg4 33. Qxg4 Qg6
34. Nxe5 Qxe4+ 35. Re3 Rb1+ 36. Kd2 Qc2# 0-1

[Event "Cracovia 2010"]
[Site "Krakow"]
[Date "2011.01.02"]
[Round "7.32"]
[White "Koykka, Pekka"]
[Black "Polok, Kacper"]
[Result "1-0"]
[WhiteElo "2142"]
[BlackElo "2089"]
[PlyCount "167"]
[EventDate "2011.??.??"]

1. d4 Nf6 2. Bg5 Ne4 3. Bf4 f5 4. f3 Nf6 5. Qd3 g6 6. Nc3 Bg7 7. O-O-O d6 8. e4
fxe4 9. fxe4 O-O 10. Nf3 Ng4 11. Bg3 e5 12. dxe5 Nxe5 13. Qd5+ Kh8 14. Bxe5
Bxe5 15. Nxe5 Qg5+ 16. Kb1 Qxe5 17. Qxe5+ dxe5 18. Bc4 Nd7 19. Rdf1 Nf6 20. Nd5
Be6 21. Nxc7 Bxc4 22. Nxa8 Kg7 23. Nc7 Rc8 24. Rxf6 Kxf6 25. Nd5+ Ke6 26. Nc3
b6 27. Re1 Rf8 28. Nd1 Ba6 29. Kc1 Rd8 30. b3 Bb7 31. Nf2 Ba6 32. Rd1 Rf8 33.
Rd2 Bb7 34. Re2 Ba6 35. Rd2 Bb7 36. Kd1 h6 37. Ke2 Rc8 38. c4 Rf8 39. Ke3 Bc6
40. Rd1 Bb7 41. Nd3 Rf7 42. Nb4 Rd7 43. Nd5 Rf7 44. a4 Bc6 45. Nb4 Bd7 46. Rd5
Rf1 47. Nd3 Rb1 48. Rxe5+ Kd6 49. c5+ bxc5 50. Rd5+ Ke7 51. Nxc5 Bc6 52. Rd2
Rc1 53. Kd4 Kd6 54. Nd3 Rb1 55. Rb2 Rd1 56. Rf2 Ke7 57. Rc2 Kd6 58. Ke3 Bd7 59.
Rd2 Rb1 60. Rb2 Rd1 61. Rd2 Rb1 62. Nf4+ Kc7 63. Rd3 g5 64. Nd5+ Kc6 65. b4 Be6
66. b5+ Kc5 67. Rc3+ Kd6 68. Rc6+ Ke5 69. Rc7 Rb3+ 70. Nc3 Kd6 71. Rc6+ Ke5 72.
Kd3 Rb2 73. Ra6 Rxg2 74. Rxa7 Rxh2 75. b6 Rh3+ 76. Kc2 Rh2+ 77. Kb1 Rh1+ 78.
Kb2 Kd4 79. Rc7 Rf1 80. b7 Rf8 81. a5 Bc4 82. Rc8 Rf2+ 83. Ka3 Kxc3 84. Rxc4+
1-0

[Event "Cracovia 2010"]
[Site "Krakow"]
[Date "2011.01.02"]
[Round "7.33"]
[White "Gorbatenko, Kateryna"]
[Black "Vaicekauskas, Gytis"]
[Result "1/2-1/2"]
[WhiteElo "2138"]
[BlackElo "1972"]
[PlyCount "32"]
[EventDate "2011.??.??"]

1. d4 Nf6 2. c4 b6 3. Nf3 e6 4. e3 Bb7 5. Bd3 d5 6. b3 c5 7. O-O Bd6 8. Bb2
Nbd7 9. Nbd2 O-O 10. Ne5 Qc7 11. Nxd7 Nxd7 12. cxd5 Bxh2+ 13. Kh1 Bd6 14. dxc5
Nxc5 15. Bxh7+ Kxh7 16. Qh5+ Kg8 1/2-1/2

[Event "Cracovia 2010"]
[Site "Krakow"]
[Date "2011.01.02"]
[Round "7.34"]
[White "Khalafova, Narmin Ilgar Qizi"]
[Black "Jablonska, Sabina"]
[Result "0-1"]
[WhiteElo "2130"]
[BlackElo "1903"]
[PlyCount "84"]
[EventDate "2011.??.??"]

1. e4 c5 2. Nf3 d6 3. d4 cxd4 4. Nxd4 Nf6 5. Nc3 a6 6. Bc4 e6 7. Bb3 Be7 8. g4
Nc6 9. g5 Nxd4 10. Qxd4 Nh5 11. h4 Bd7 12. Be3 Qc7 13. O-O-O b5 14. a4 O-O 15.
Rhg1 Qa5 16. e5 d5 17. Bxd5 exd5 18. Nxd5 Bd8 19. b4 Qxa4 20. Kb2 Bf5 21. Rd2
Rc8 22. c3 Rc4 23. Qa7 Rxc3 24. Kxc3 Qa3+ 25. Kd4 g6 26. Kc5 Ng7 27. Rgd1 Bg4
28. Rb1 Bf3 29. Qd7 Ne6+ 30. Kd6 Be4 31. Rbb2 Kh8 32. Ne7 Bc7+ 33. Qxc7 Nxc7
34. Kxc7 Qc3+ 35. Kd7 Qc4 36. Rd6 Bf5+ 37. Nxf5 gxf5 38. Bc5 Qe4 39. Ke7 Kg8
40. Kf6 Re8 41. Bd4 f4 42. h5 f3 0-1

[Event "Cracovia 2010"]
[Site "Krakow"]
[Date "2011.01.02"]
[Round "7.35"]
[White "Izzat, Kanan Azar Oglu"]
[Black "Kireev, Andrey"]
[Result "1/2-1/2"]
[WhiteElo "2112"]
[BlackElo "2127"]
[PlyCount "91"]
[EventDate "2011.??.??"]

1. d4 Nf6 2. c4 d6 3. Nc3 Nbd7 4. e4 e5 5. d5 Be7 6. g3 O-O 7. Bg2 c6 8. Nge2
a6 9. dxc6 bxc6 10. O-O Nc5 11. h3 Rb8 12. b3 Ne6 13. Be3 c5 14. f4 Nd4 15. f5
Bb7 16. g4 Ne8 17. Ng3 Bg5 18. Bf2 Nc7 19. Qd3 Bc6 20. Nd5 Bd7 21. f6 g6 22.
Be3 Bh4 23. Ne7+ Kh8 24. Bh6 Rg8 25. Nxg8 Kxg8 26. Ne2 Nce6 27. Nxd4 Nxd4 28.
g5 Qa5 29. Kh2 Qa3 30. Qd2 Rb6 31. Bf3 Qb4 32. Qd3 Qa3 33. Qd2 Qb4 34. Qb2 Bc6
35. Bg2 Rb8 36. Rad1 a5 37. Qd2 Qa3 38. Rb1 Rb4 39. Qb2 Qxb2 40. Rxb2 a4 41.
Rfb1 a3 42. Rd2 Bb7 43. Rf1 Rb6 44. Rd3 Rb4 45. Bf3 Bc6 46. Kg2 1/2-1/2

[Event "Cracovia 2010"]
[Site "Krakow"]
[Date "2011.01.02"]
[Round "7.36"]
[White "Lewtak, Damian"]
[Black "Sadikhov, Ulvi Ramil Oglu"]
[Result "1-0"]
[WhiteElo "2100"]
[BlackElo "2115"]
[PlyCount "65"]
[EventDate "2011.??.??"]

1. e4 c5 2. Nf3 d6 3. d4 cxd4 4. Qxd4 Nc6 5. Bb5 Bd7 6. Bxc6 Bxc6 7. c4 Nf6 8.
Nc3 e6 9. Bg5 Be7 10. O-O O-O 11. Rfd1 Qa5 12. a3 Rfd8 13. b4 Qc7 14. Rac1 b6
15. Nd5 Bxd5 16. cxd5 Qd7 17. Qd3 Rac8 18. h3 Qb7 19. Rxc8 Qxc8 20. Rc1 Qd7 21.
b5 h6 22. Bd2 Qb7 23. Rc6 Nd7 24. Qc4 Nc5 25. Bb4 exd5 26. Qxd5 Qd7 27. Nd4 g6
28. Ne2 Bf8 29. Nf4 Kh7 30. Bc3 h5 31. Nxh5 gxh5 32. Qxh5+ Bh6 33. Rxd6 1-0

[Event "Cracovia 2010"]
[Site "Krakow"]
[Date "2011.01.02"]
[Round "7.37"]
[White "Malec, Sebastian"]
[Black "Lohou, Stephane"]
[Result "1-0"]
[WhiteElo "2210"]
[BlackElo "2165"]
[PlyCount "69"]
[EventDate "2011.??.??"]

1. d4 Nf6 2. c4 g6 3. Nc3 d5 4. Nf3 Bg7 5. Bg5 Ne4 6. cxd5 Nxg5 7. Nxg5 e6 8.
Qa4+ Bd7 9. Qb3 exd5 10. Qxd5 O-O 11. Nf3 Nc6 12. e3 Qe7 13. Be2 Nb4 14. Qb3 c5
15. d5 Bf5 16. O-O Rad8 17. Rac1 Bxc3 18. Qxc3 Rxd5 19. Bc4 Rdd8 20. Rfe1 Be4
21. Ne5 Qg5 22. f3 Bf5 23. f4 Qh4 24. g3 Qe7 25. e4 Be6 26. a3 Bxc4 27. axb4
Be6 28. bxc5 f6 29. Nf3 Bg4 30. Nd2 Rfe8 31. b4 Be6 32. e5 Bd5 33. Nc4 Qe6 34.
Nd6 Qh3 35. Qd2 1-0

[Event "Cracovia 2010"]
[Site "Krakow"]
[Date "2011.01.02"]
[Round "7.38"]
[White "Pirverdiyev, Aqil Kamran Oglu"]
[Black "Macka, Oto"]
[Result "0-1"]
[WhiteElo "2116"]
[BlackElo "2025"]
[PlyCount "143"]
[EventDate "2011.??.??"]

1. e4 e5 2. Nf3 Nc6 3. Bb5 a6 4. Ba4 Nf6 5. O-O Be7 6. Re1 b5 7. Bb3 O-O 8. h3
d6 9. c3 Bb7 10. d4 Re8 11. Nbd2 Bf8 12. Bc2 h6 13. a4 b4 14. d5 Ne7 15. c4 c5
16. Nf1 g6 17. N3h2 Bg7 18. Ng3 Kh7 19. b3 Rh8 20. f4 Nd7 21. f5 Bf6 22. Qf3
Rf8 23. Ng4 Ng8 24. Kf2 Bg5 25. Ne3 Bf4 26. Ne2 g5 27. g3 Bxe3+ 28. Kxe3 f6 29.
Kd3 Kg7 30. h4 Kf7 31. Be3 Ke7 32. Rh1 Qe8 33. hxg5 hxg5 34. Rh7+ Rf7 35. Rah1
Rxh7 36. Rxh7+ Kd8 37. Bd1 Rc8 38. Nc1 Rc7 39. Qh1 Nf8 40. Rh8 Rg7 41. Qg1 Qe7
42. Ne2 a5 43. g4 Nd7 44. Ng3 Qf7 45. Qh2 Nf8 46. Qf2 Nd7 47. Qh2 Ke7 48. Qd2
Rh7 49. Rxh7 Qxh7 50. Bxg5 Qh3 51. Be3 Qxg3 52. Kc2 Bc8 53. Qf2 Qxf2+ 54. Bxf2
Nf8 55. Be3 Nh7 56. Bf3 Kf7 57. Kd3 Kg7 58. Kc2 Bd7 59. Kd3 Ne7 60. Bd1 Nc8 61.
Bc2 Nb6 62. Bd1 Bc8 63. Bc2 Ba6 64. Bd1 Nf8 65. Bc2 Nfd7 66. Bd1 Nc8 67. Kc2
Ndb6 68. Be2 Ne7 69. Bd3 Bb7 70. g5 Ng8 71. gxf6+ Nxf6 72. Bg5 0-1

[Event "Cracovia 2010"]
[Site "Krakow"]
[Date "2011.01.02"]
[Round "7.39"]
[White "Wisniowska, Klaudia"]
[Black "Zadlo, Tomasz"]
[Result "0-1"]
[WhiteElo "2011"]
[BlackElo "2081"]
[PlyCount "92"]
[EventDate "2011.??.??"]

1. e4 c5 2. Nf3 d6 3. d4 cxd4 4. Nxd4 Nf6 5. Nc3 a6 6. Be3 e5 7. Nb3 Be6 8. f3
Be7 9. Qd2 O-O 10. O-O-O Nbd7 11. g4 b5 12. g5 b4 13. Ne2 Ne8 14. f4 exf4 15.
Bxf4 Ne5 16. Ned4 Bg4 17. Re1 a5 18. Kb1 a4 19. Nc1 Nc7 20. h3 Bd7 21. Rd1 Ng6
22. Be3 Ne6 23. Nf5 Bxg5 24. Qxd6 Bc6 25. Bg2 Qxd6 26. Rxd6 Bxe3 27. Rxc6 Bg5
28. h4 Bf6 29. Nd3 b3 30. cxb3 axb3 31. axb3 Rab8 32. Nc1 Ne5 33. Rc2 g6 34.
Ne3 Nd4 35. Rc3 Bg7 36. Nc2 Nb5 37. Rc5 Rfd8 38. Rd5 Nc7 39. Rdd1 Ne6 40. Rxd8+
Rxd8 41. Re1 Nf4 42. Bh1 Rd2 43. b4 Ned3 44. Rf1 Nxb4 45. Rxf4 Rxc2 46. e5
Rxc1+ 0-1

[Event "Cracovia 2010"]
[Site "Krakow"]
[Date "2011.01.02"]
[Round "7.40"]
[White "Karagiannis, Dimitrios"]
[Black "Jacko, Vladimir"]
[Result "1-0"]
[WhiteElo "1873"]
[BlackElo "2068"]
[PlyCount "32"]
[EventDate "2011.??.??"]

1. d4 Nf6 2. Nf3 e6 3. c4 b6 4. e3 Bb7 5. Bd3 c5 6. O-O Be7 7. Nc3 O-O 8. d5 d6
9. e4 e5 10. Ne1 Nbd7 11. f4 exf4 12. Bxf4 Re8 13. h3 a6 14. Nf3 Nf8 15. e5
dxe5 16. Nxe5 Bd6 1-0

[Event "Cracovia 2010"]
[Site "Krakow"]
[Date "2011.01.02"]
[Round "7.41"]
[White "Janik, Andrzej"]
[Black "Marczuk, Dominik"]
[Result "0-1"]
[WhiteElo "1918"]
[BlackElo "1908"]
[PlyCount "58"]
[EventDate "2011.??.??"]

1. c4 Nf6 2. Nc3 g6 3. g3 Bg7 4. Bg2 O-O 5. Nf3 d6 6. d4 Nc6 7. e4 e5 8. d5 Ne7
9. O-O Nd7 10. Nd2 f5 11. f3 f4 12. Bh3 g5 13. Be6+ Kh8 14. g4 Nf6 15. Bf5 h5
16. h3 Kg8 17. b4 Kf7 18. a4 Rh8 19. Kg2 hxg4 20. fxg4 Ng6 21. Nf3 Nh4+ 22.
Nxh4 Rxh4 23. Qf3 Bxf5 24. exf5 e4 25. Nxe4 Nxe4 26. Qxe4 Bxa1 27. Qe6+ Kf8 28.
Bxf4 Qf6 29. Bxg5 Qxg5 0-1

[Event "Cracovia 2010"]
[Site "Krakow"]
[Date "2011.01.02"]
[Round "7.42"]
[White "Motyl, Tomasz"]
[Black "Sandor, Lukas"]
[Result "1-0"]
[WhiteElo "2035"]
[BlackElo "1881"]
[PlyCount "89"]
[EventDate "2011.??.??"]

1. e4 c5 2. c3 d5 3. exd5 Qxd5 4. d4 cxd4 5. cxd4 Nc6 6. Nf3 e6 7. Nc3 Bb4 8.
Bd3 Nf6 9. O-O Qa5 10. Bd2 O-O 11. a3 Bxc3 12. bxc3 h6 13. Re1 Qh5 14. Rb1 a6
15. c4 Ng4 16. h3 Nf6 17. Bc3 Nh7 18. d5 Nd8 19. Qc2 Ng5 20. Nxg5 hxg5 21. Bb4
Re8 22. Qa4 f5 23. dxe6 Bxe6 24. Bxf5 Qf7 25. Qc2 Bxf5 26. Rxe8+ Qxe8 27. Qxf5
Qf7 28. Qxf7+ Kxf7 29. Ba5 Ne6 30. Rxb7+ Kg6 31. Rb6 Kf7 32. Rc6 g6 33. Kh2 Ra7
34. Bb6 Ra8 35. Be3 Ke7 36. c5 a5 37. Rb6 a4 38. Rb7+ Kf6 39. Rb4 Ke5 40. Kg3
Kd5 41. Kg4 Rh8 42. Bxg5 Nxc5 43. Be3 Nd7 44. Rxa4 Ne5+ 45. Kg3 1-0

[Event "Cracovia 2010"]
[Site "Krakow"]
[Date "2011.01.03"]
[Round "8.1"]
[White "Aliavdin, Nikolai"]
[Black "Zubov, Alexander"]
[Result "1/2-1/2"]
[WhiteElo "2377"]
[BlackElo "2574"]
[PlyCount "21"]
[EventDate "2011.??.??"]

1. e4 c5 2. Nf3 e6 3. d4 cxd4 4. Nxd4 a6 5. Bd3 Bc5 6. Nb3 Be7 7. Qg4 g6 8. Qe2
d6 9. O-O Nd7 10. a4 Ne5 11. N1d2 1/2-1/2

[Event "Cracovia 2010"]
[Site "Krakow"]
[Date "2011.01.03"]
[Round "8.2"]
[White "Mertanen, Janne"]
[Black "Sieciechowicz, Marcin"]
[Result "0-1"]
[WhiteElo "2318"]
[BlackElo "2446"]
[PlyCount "68"]
[EventDate "2011.??.??"]

1. d4 d5 2. c4 c6 3. Nf3 Nf6 4. e3 Bf5 5. Nc3 e6 6. Nh4 Bg6 7. Be2 Nbd7 8. O-O
Bd6 9. g3 O-O 10. Nxg6 hxg6 11. Qb3 Rb8 12. Rd1 Qe7 13. Qc2 dxc4 14. Bxc4 b5
15. Be2 Rfc8 16. Bd2 a6 17. a4 c5 18. axb5 axb5 19. Nxb5 cxd4 20. Qd3 Ne5 21.
Qb1 Rxb5 22. Bxb5 Nf3+ 23. Kf1 Nxh2+ 24. Kg2 Qb7+ 25. Kxh2 Ng4+ 26. Kg1 Qf3 27.
Be1 dxe3 28. fxe3 Bxg3 29. Rd2 Rc5 30. Qd1 Qxe3+ 31. Kg2 Qf4 32. Qa4 Ne3+ 33.
Kg1 Bf2+ 34. Rxf2 Qg3+ 0-1

[Event "Cracovia 2010"]
[Site "Krakow"]
[Date "2011.01.03"]
[Round "8.3"]
[White "Brodowski, Piotr"]
[Black "Shishkin, Vadim"]
[Result "1/2-1/2"]
[WhiteElo "2417"]
[BlackElo "2458"]
[PlyCount "50"]
[EventDate "2011.??.??"]

1. Nf3 Nf6 2. c4 g6 3. Nc3 Bg7 4. e4 O-O 5. d4 c6 6. Bg5 h6 7. Bh4 g5 8. Bg3 d5
9. cxd5 cxd5 10. e5 Ne4 11. Bd3 Bf5 12. O-O Nc6 13. Re1 Nxg3 14. hxg3 Bxd3 15.
Qxd3 e6 16. Nd2 f6 17. f4 gxf4 18. gxf4 fxe5 19. fxe5 Nb4 20. Qh3 Qb6 21. Nb3
Nc2 22. Na4 Qb4 23. Qxe6+ Kh8 24. Nc3 Nxd4 25. Qg4 Nc6 1/2-1/2

[Event "Cracovia 2010"]
[Site "Krakow"]
[Date "2011.01.03"]
[Round "8.4"]
[White "Sharapov, Evgeny"]
[Black "Jakubiec, Artur"]
[Result "1-0"]
[WhiteElo "2468"]
[BlackElo "2547"]
[PlyCount "119"]
[EventDate "2011.??.??"]

1. e4 c6 2. d4 d5 3. e5 c5 4. Nf3 cxd4 5. Qxd4 Nc6 6. Qf4 h6 7. h4 e6 8. a3
Nge7 9. Bd3 Qc7 10. Nc3 a6 11. Qg3 g6 12. Bf4 Bg7 13. O-O Bd7 14. Rfe1 O-O-O
15. b4 d4 16. Ne4 Nf5 17. Nd6+ Qxd6 18. Bxf5 Qc7 19. Bd3 Qd6 20. Bf5 Qc7 21.
Bd3 g5 22. hxg5 Rdg8 23. b5 axb5 24. g6 fxg6 25. Bxb5 g5 26. Bd2 h5 27. Bxc6
Bxc6 28. Nxd4 h4 29. Qc3 Bxe5 30. Rxe5 Qxe5 31. Nxc6 Qxc3 32. Na7+ Kb8 33. Bxc3
Kxa7 34. Bxh8 Rxh8 35. Re1 Rc8 36. Rxe6 Rxc2 37. Rg6 Rc5 38. Kh2 Ra5 39. f3
Rxa3 40. Rxg5 Ra4 41. Rg4 b5 42. f4 Rc4 43. Rxh4 b4 44. Kg3 b3 45. Rh1 Kb6 46.
Rb1 Rb4 47. Kg4 Kc6 48. Rb2 Kd6 49. Kf5 Rb5+ 50. Kf6 Kd5 51. g4 Ke4 52. f5 Rb8
53. Kg7 Rb7+ 54. Kg6 Rb6+ 55. f6 Kf4 56. g5 Kg4 57. Kg7 Kxg5 58. f7 Rg6+ 59.
Kf8 Rb6 60. Rg2+ 1-0

[Event "Cracovia 2010"]
[Site "Krakow"]
[Date "2011.01.03"]
[Round "8.6"]
[White "Skawinski, Arkadiusz"]
[Black "Bulski, Krzysztof"]
[Result "1-0"]
[WhiteElo "2249"]
[BlackElo "2470"]
[PlyCount "145"]
[EventDate "2011.??.??"]

1. e4 e5 2. Nf3 Nc6 3. Bb5 a6 4. Ba4 Nf6 5. O-O Nxe4 6. d4 b5 7. Bb3 d5 8. Nc3
Nxc3 9. bxc3 e4 10. Ng5 f6 11. Nh3 Be6 12. Nf4 Bf7 13. Nxd5 Na5 14. Qg4 Bxd5
15. Qh5+ g6 16. Qxd5 Qxd5 17. Bxd5 c6 18. Bxe4 Kd7 19. a4 Bd6 20. Bd3 Nc4 21.
Bh6 Rhe8 22. Bxc4 bxc4 23. Rfb1 Rab8 24. Kf1 g5 25. g3 Ke6 26. h4 gxh4 27. gxh4
Kf5 28. Be3 Rxb1+ 29. Rxb1 Rb8 30. Rc1 Rb2 31. Ke2 Ra2 32. Kd2 Rxa4 33. Rb1 Ke6
34. Rb6 Kd5 35. Rb7 f5 36. Bg5 Ra1 37. Rd7 Ke6 38. Rxh7 a5 39. Rh6+ Kd7 40. Rf6
f4 41. Bxf4 Be7 42. Rf7 Ke6 43. Rh7 Bd6 44. Rf7 Be7 45. Rh7 a4 46. Bg5 Bd6 47.
Ra7 a3 48. h5 Rh1 49. h6 Kf5 50. Be3 Ke4 51. Ke2 Kf5 52. Kf3 Kg6 53. Kg2 Rh2+
54. Kg1 Rh3 55. Ra4 Rh5 56. Ra7 Bf8 57. Ra6 Kh7 58. Kg2 Rb5 59. Bf4 Rb7 60. Kf3
Rf7 61. Ke3 Re7+ 62. Kf3 Rf7 63. Kg3 Rb7 64. Bc1 Rb1 65. Ra7+ Kg8 66. h7+ Kh8
67. Bxa3 Ra1 68. Bc5 Bd6+ 69. Kf3 Rxa7 70. Bxa7 Kxh7 71. Ke4 Kg6 72. Bc5 Bh2
73. d5 1-0

[Event "Cracovia 2010"]
[Site "Krakow"]
[Date "2011.01.03"]
[Round "8.7"]
[White "Dragun, Kamil"]
[Black "Bobula, Mateusz"]
[Result "1-0"]
[WhiteElo "2407"]
[BlackElo "2393"]
[PlyCount "99"]
[EventDate "2011.??.??"]

1. e4 e6 2. d4 d5 3. Nd2 c5 4. Ngf3 Nf6 5. exd5 exd5 6. Bb5+ Bd7 7. Qe2+ Qe7 8.
Ne5 c4 9. Bxd7+ Nfxd7 10. b3 cxb3 11. axb3 f6 12. Ba3 Qe6 13. Nxd7 Kxd7 14. Nf1
Qxe2+ 15. Kxe2 Bxa3 16. Rxa3 Nc6 17. c3 Kd6 18. Ne3 g6 19. Kd3 f5 20. b4 a6 21.
g3 Rac8 22. h4 Rhf8 23. h5 f4 24. gxf4 Rxf4 25. hxg6 hxg6 26. Rh7 Rxf2 27. Rxb7
Rf3 28. c4 Rb8 29. Rxb8 Nxb8 30. cxd5 g5 31. Ra1 Rf4 32. Ra5 g4 33. Nc4+ Ke7
34. d6+ Kd8 35. Rg5 Nc6 36. Rg8+ Kd7 37. Ne5+ Kxd6 38. Rg6+ Kd5 39. Nxc6 Rf3+
40. Ke2 Rb3 41. Ne7+ Kxd4 42. Rxg4+ Ke5 43. Kd2 Kd6 44. Nf5+ Kc7 45. Nd4 Ra3
46. Kc2 Kb6 47. Rg6+ Kb7 48. Nb3 Ra2+ 49. Kc3 Ka7 50. Nc5 1-0

[Event "Cracovia 2010"]
[Site "Krakow"]
[Date "2011.01.03"]
[Round "8.8"]
[White "Duda, Jan-Krzysztof"]
[Black "Starostits, Ilmars"]
[Result "1-0"]
[WhiteElo "2247"]
[BlackElo "2488"]
[PlyCount "85"]
[EventDate "2011.??.??"]

1. e4 b6 2. d4 Bb7 3. Bd3 e6 4. c4 d6 5. Nc3 Nd7 6. Nf3 Ne7 7. Be3 c5 8. d5
exd5 9. exd5 Ng6 10. O-O Be7 11. Qc2 a6 12. Ne4 Nde5 13. Nxe5 Nxe5 14. f4 Nxd3
15. Qxd3 f5 16. Ng5 Bxg5 17. fxg5 O-O 18. Rxf5 Qd7 19. Raf1 Rxf5 20. Rxf5 b5
21. b3 bxc4 22. bxc4 Re8 23. Rf4 Ra8 24. Rf5 Re8 25. Rf4 Re5 26. Rh4 g6 27. Bd2
Qe8 28. Rf4 Bc8 29. Rf2 Re4 30. h3 a5 31. Qf3 Qe7 32. Bxa5 Ba6 33. Rb2 Qe8 34.
Rb6 Bxc4 35. Rxd6 Re3 36. Qf6 Qf8 37. Rd8 Re8 38. Rxe8 Qxe8 39. Bc3 Qd7 40.
Qh8+ Kf7 41. Qxh7+ Ke8 42. Qg8+ Ke7 43. d6+ 1-0

[Event "Cracovia 2010"]
[Site "Krakow"]
[Date "2011.01.03"]
[Round "8.9"]
[White "Grinev, Valeriy"]
[Black "Klim, Kamil"]
[Result "1-0"]
[WhiteElo "2361"]
[BlackElo "2302"]
[PlyCount "81"]
[EventDate "2011.??.??"]

1. d4 Nf6 2. c4 c5 3. d5 e6 4. Nc3 exd5 5. cxd5 d6 6. Nf3 g6 7. Bf4 Bg7 8. Qa4+
Bd7 9. Qb3 Qc7 10. h3 O-O 11. Nd2 b5 12. e3 c4 13. Nxb5 Qa5 14. Bxc4 Ne4 15.
Rd1 Rc8 16. Qa3 Qxd2+ 17. Rxd2 Rxc4 18. Nxd6 Nxd2 19. Kxd2 Ra4 20. Qb3 Na6 21.
Qb7 Rd8 22. a3 Ra5 23. Rc1 Bf8 24. Bg5 Rb8 25. Qxd7 Rxd5+ 26. Kc2 Rxd6 27. Qxa7
Rdb6 28. b4 R8b7 29. Qa8 Nc7 30. Qa4 Ra6 31. Qb3 Rba7 32. Kb2 Bg7+ 33. Ka2 h6
34. Bd8 Nb5 35. Ba5 Rd6 36. Qc4 Rd2+ 37. Rc2 Rad7 38. a4 Nc3+ 39. Kb3 Ne4 40.
Qxe4 R7d3+ 41. Kc4 1-0

[Event "Cracovia 2010"]
[Site "Krakow"]
[Date "2011.01.03"]
[Round "8.10"]
[White "Krzyzanowski, Marcin"]
[Black "Gbyl, Andrzej"]
[Result "0-1"]
[WhiteElo "2342"]
[BlackElo "2286"]
[PlyCount "92"]
[EventDate "2011.??.??"]

1. e4 e6 2. d4 d5 3. Nc3 Nf6 4. Bg5 Be7 5. e5 Nfd7 6. Bxe7 Qxe7 7. f4 O-O 8.
Nf3 c5 9. Qd2 Nc6 10. dxc5 Qxc5 11. Bd3 f6 12. exf6 Nxf6 13. O-O-O Rb8 14. Qe2
a6 15. Kb1 b5 16. Ne5 Na5 17. Ka1 Nc4 18. Nb1 a5 19. g4 Nxe5 20. fxe5 Ne4 21.
Rhf1 Nf2 22. Rd2 Nxd3 23. Rxf8+ Qxf8 24. Qxd3 Bd7 25. Qe3 b4 26. Rf2 Qd8 27.
Nd2 a4 28. Qf4 Qe7 29. h4 Rc8 30. Nf1 Bb5 31. Ng3 b3 32. c3 Rc4 33. Qf3 Bc6 34.
Ne2 Re4 35. Qg3 Bb5 36. Nc1 Bc4 37. g5 Re1 38. Qf4 Rh1 39. Rf3 g6 40. a3 Re1
41. Kb1 Qg7 42. Re3 Rf1 43. Rf3 Rxf3 44. Qxf3 Qxe5 45. Ka1 Qe1 46. Qf4 e5 0-1